<?xml version="1.0" encoding="UTF-8"?>
<collection xmlns="http://www.loc.gov/MARC21/slim">
    <record>
        <controlfield tag="001">67495</controlfield>
        <controlfield tag="005">20180223094926.0</controlfield>
        <datafield tag="037" ind1=" " ind2=" ">
            <subfield code="a">GDOC-2016-30024</subfield>
        </datafield>
        <datafield tag="041" ind1=" " ind2=" ">
            <subfield code="a">spa</subfield>
        </datafield>
        <datafield tag="100" ind1=" " ind2=" ">
            <subfield code="0">(orcid)0000-0001-9097-0518</subfield>
            <subfield code="1">362810</subfield>
            <subfield code="a">Mariscal Masot, María Dolores Pilar</subfield>
        </datafield>
        <datafield tag="245" ind1="0" ind2="0">
            <subfield code="9">30024</subfield>
            <subfield code="a">Tecnología de materiales</subfield>
        </datafield>
        <datafield tag="260" ind1=" " ind2=" ">
            <subfield code="a">Zaragoza</subfield>
            <subfield code="b">Universidad de Zaragoza</subfield>
            <subfield code="c">2016-2017</subfield>
        </datafield>
        <datafield tag="520" ind1=" " ind2=" ">
            <subfield code="a">Breve presentación de la asignatura
Esta asignatura de “Tecnología de Materiales” tiene 6 ECTS, que corresponde con 60 horas presenciales (2,4 ECTS) y 90 horas de trabajo personal del alumno (3,6 ECTS). El objetivo de la asignatura “Tecnología de Materiales”, que se imparte en el primer cuatrimestre del tercer curso del grado en Ingeniería de Tecnologías Industriales, obligatoria en el módulo Tecnologías Industriales, es proporcionar al Graduado el conocimiento y las habilidades relacionadas con:
a) La elección más adecuada del material en función de las condiciones en servicio y de los procesos de degradación a los que se ve sometido, relacionando su estructura interna más idónea con los procesos de conformado y fabricación específicos asociados a los distintos materiales
b) Las técnicas de inspección de seguimiento del daño durante el servicio, así como de los conceptos básicos de fallo, y de las herramientas necesarias para su identificación y análisis.
c) Las últimas tendencias en materiales de uso en la Ingeniería Mecánica, sus procesos de conformado y fabricación y sus propiedades mecánicas principalmente, incluyendo las tecnologías de reciclado más importantes.</subfield>
            <subfield code="b"> </subfield>
        </datafield>
        <datafield tag="521" ind1=" " ind2=" ">
            <subfield code="9">144</subfield>
            <subfield code="a">Ingeniería de Tecnologías Industriales</subfield>
        </datafield>
        <datafield tag="540" ind1=" " ind2=" ">
            <subfield code="a">by-nc-sa</subfield>
            <subfield code="b">Creative Commons</subfield>
            <subfield code="c">3.0</subfield>
            <subfield code="u">http://creativecommons.org/licenses/by-nc-sa/3.0/</subfield>
        </datafield>
        <datafield tag="700" ind1=" " ind2=" ">
            <subfield code="0">(orcid)0000-0003-2645-6455</subfield>
            <subfield code="1">364278</subfield>
            <subfield code="a">Artigas Álava, Miguel José</subfield>
        </datafield>
        <datafield tag="700" ind1=" " ind2=" ">
            <subfield code="0">(orcid)0000-0002-3125-5802</subfield>
            <subfield code="1">386191</subfield>
            <subfield code="a">Puértolas Rafales, José Antonio</subfield>
        </datafield>
        <datafield tag="700" ind1=" " ind2=" ">
            <subfield code="0">(orcid)0000-0003-3675-9150</subfield>
            <subfield code="1">386284</subfield>
            <subfield code="a">Villellas Malo, Anselmo Javier</subfield>
        </datafield>
        <datafield tag="700" ind1=" " ind2=" ">
            <subfield code="0">(orcid)0000-0002-1805-5320</subfield>
            <subfield code="1">388097</subfield>
            <subfield code="a">Rios Jordana, Ricardo</subfield>
        </datafield>
        <datafield tag="830" ind1=" " ind2=" ">
            <subfield code="9">436</subfield>
        </datafield>
        <datafield tag="856" ind1="4" ind2=" ">
            <subfield code="s">19485</subfield>
            <subfield code="u">http://zaguan.unizar.es/record/67495/files/guia-30024-es.pdf</subfield>
            <subfield code="y">Guía (idioma español)</subfield>
        </datafield>
        <datafield tag="856" ind1="4" ind2=" ">
            <subfield code="s">9206</subfield>
            <subfield code="u">http://zaguan.unizar.es/record/67495/files/guia-30024-en.pdf</subfield>
            <subfield code="y">Guide (english)</subfield>
        </datafield>
        <datafield tag="970" ind1=" " ind2=" ">
            <subfield code="a">GDOC-2016-30024</subfield>
        </datafield>
        <datafield tag="980" ind1=" " ind2=" ">
            <subfield code="a">GDOC</subfield>
            <subfield code="b">Ingeniería y arquitectura</subfield>
            <subfield code="c">110</subfield>
        </datafield>
    </record>

    
</collection>